000 00288nam a22001337a 4500
008 170815b xxu||||| |||| 00| 0 eng d
020 _a9781570399121
041 _aeng
080 _a51
100 _a63
101 _aMAT
245 _aEVERYDAY MATHEMATICS
_cSHARPE.M
942 _2udc
_cBK
999 _c23591
_d23591